000 01346nam a22003977a 4500
001 0071227
003 KOHA_MİRAKIL
005 20260207004959.0
007 ta
008 240729b1998 tu |||gr||||#0|||0|tur |
020 _a9758261479
040 _aTR-BiSEU
_btur
_cTR-BiSEU
_erda
041 0 _atur
044 _ctu
050 _aBF637.S8
_bP58 1998
100 1 _aPitino, Rick.
245 1 _aBaşarılı olmak bir tercihtir: on adımda işte ve hayatta başarı/
_cRick Pitino ; Rick Pitino, Bill Reynolds; Türkçesi Tuncer Büyükonat, Selim Yeniçeri.
264 1 _aİstanbul :
_bBeyaz Yayınları
_c1998
300 _aIX, 291 sayfa; 20 cm.
336 _ametin
_btxt
_2rdacontent
337 _aaracısız
_bn
_2rdamedia
338 _acilt
_bnc
_2rdacarrier
490 1 _aBeyaz yayınları ;
_v30
500 _aÖzgün eser adı: Success is a choice.
650 0 _aBaşarı.
_94753
650 0 _aUygulamalı Psikoloji.
_966488
650 0 _aBaşarı--Psikolojik görünüş.
_9140003
650 0 _aBaşarı--Psikolojik Açıdan.
_9140004
650 0 _aSuccess.
_94756
650 0 _aApplied Psychology.
_9140005
650 0 _aSuccess--Psychological functioning.
_9140006
650 0 _aSuccess--Psychologically.
_9140007
830 1 _aBeyaz yayınları ;
_v30
_99010
907 _aKişisel Gelişim
942 _2lcc
_cBK
999 _c71982
_d71982